MARC

LEADER 00000nas a2200000 4500
001 ssj0000160
003 WaSeSS
005 20200512172242.0
006 m d
007 cr n
008 750824d19321997nyumr p s 0 a0eng c
010 |a sf 79010617  
016 7 |a D20460000  |2 DNLM 
022 |l 0012-6527  |y 0012-6527 
030 |a DCINAQ 
035 |a (WaSeSS)ssj0000160 
037 |b Advanstar Communications, 131 West 1st St., Duluth, MN 55802-2065 
040 |a MUL  |b eng  |c MUL  |d NSD  |d DLC  |d NSD  |d OCL  |d DLC  |d SER  |d RCS  |d AIP  |d NST  |d AIP  |d OCL  |d NST  |d NSD  |d NST  |d OCL  |d NST  |d CRL  |d NST  |d AGL  |d NYG  |d DLC  |d OCL  |d NSD  |d UMC  |d OCL  |d OCLCQ  |d MUQ  |d CUS  |d OCLCQ  |d OCLCF  |d OCLCO  |d OCLCQ  |d OCLCO  |d COF  |d CNUTO  |d MTG  |d UZ0  |d LIP  |d QE2  |d ASL  |d CSJ  |d UCW  |d OCLCQ  |d CSA  |d ZAS  |d OKS  |d GZH  |d UAB  |d ZAP  |d UOK  |d CRU  |d DKU  |d OCLCA  |d CPO  |d MAFCI  |d NZ1  |d DCHUA  |d CSO  |d LEAUB  |d CBA  |d U3G  |d CSE  |d TJC  |d WaSeSS 
042 |a nsdp  |a pcc 
050 1 0 |a RS1  |b .D63 
060 0 |a W1 DR514 
070 0 |a 396.8  |b D842 
072 0 |a X500 
072 0 |a X700 
082 0 4 |a 338.476151  |b qD794 
210 0 |a Drug cosmet. ind. 
222 0 |a Drug & cosmetic industry 
245 0 0 |a Drug & cosmetic industry  |h [electronic resource]. 
246 3 |a Drug and cosmetic industry 
246 1 7 |a D & CI  |f <Aug. 1972>- 
246 1 4 |a DCI, drug & cosmetic industry  |f Aug. 1988- 
260 |a New York,  |b Harcourt Brace Jovanovich 
362 0 |a v. 30, no. 2-v. 160, no. 4; Feb. 1932-Apr. 1997. 
500 |a For 1988-1989, July issue called: Drug & cosmetic industry catalog; from 1990- July issue called: Drug & cosmetic industry catalog issue. 
506 |a License restrictions may limit access. 
515 |a Issue for Jan. 1993 incorrectly called vol. 151, no. 1; should be vol. 152, no. 1. 
580 |a In 1988, absorbed: Drug & cosmetic catalog. 
650 0 |a Chemical industry  |v Periodicals. 
650 0 |a Pharmaceutical industry  |v Periodicals. 
650 6 |a Industries chimiques  |v Périodiques. 
650 6 |a Cosmétiques  |v Périodiques. 
650 6 |a Industrie pharmaceutique  |v Périodiques. 
650 7 |a Chemical industry.  |2 fast  |0 (OCoLC)fst00852951 
650 7 |a Pharmaceutical industry.  |2 fast  |0 (OCoLC)fst01060129 
650 2 |a Chemical Industry  |x periodicals. 
650 2 |a Cosmetics  |x periodicals. 
650 2 |a Drug Industry  |x periodicals. 
655 0 |a Electronic journals. 
730 0 |a Drug & cosmetic industry catalog. 
730 0 |a Drug & cosmetic industry catalog issue. 
780 0 0 |t Drug markets  |w (OCoLC)2260503 
780 1 5 |t Drug & cosmetic catalog  |x 0732-0760  |w (DLC) 82641003  |w (OCoLC)5060872 
785 0 0 |t DCI  |x 1096-4819  |w (DLC)sn 97002089  |w (OCoLC)37730443 
850 |a AU  |a AzTeS  |a CStclU  |a CU  |a CU-A  |a CU-Riv  |a DNAL  |a IC  |a ICRL  |a KyLoU  |a MChB  |a MdU  |a N  |a NSyU  |a NcRS  |a OU  |a OrU  |a PBL  |a PU-W  |a ViW  |a Wa 
856 4 0 |z Full text available from Research Library: 07/01/1994 to 04/30/1997  |u https://search.proquest.com/publication/41544